000 00646nam a2200253Ia 4500
003 OSt
005 20221005055405.0
006 a|||||r|||| 00| 0
007 ta
008 221004b |||||||| |||| 00| 0 eng d
024 _a39894
037 _cTextual
040 _aCRL
_cCRL
_beng
041 _2eng
_aeng
082 _aO111,3N03:g, K4
100 _aMaxwell D E S
245 0 _aCozzens
260 _aLondon
_bOliver And Boyd UK
_c1964
300 _a119p.
_ccm.
490 _aWriters and critics
650 _aENGLISH LITERATURE
942 _hO111,3N03:g, K4
_cTEXL
_2cc
999 _c965056
_d965056